00500nam a2200193 a 4500001001300000003000900013005001700022008004100039020001000080082001300090100001900103245004700122260004500169300000900214500003500223505001700258650001200275700001900287nice12345678IN_TiNIC20260116011638.0050524s0000 dela grp 000 0 eng  ac10000a264bDAV aDavies, Horton aChristian Worshipb Its Historyand Meaning aDelhibIntercultural Publications c0000 a128p aincludes index and biblioraphy2 aBibliography aWorship1 aDavies, Horton